00213nam a2200097Ia 4500100001400000654002300014245002300037260002800060082001500088546001200103 aHakala D  aModerns made easy aModerns made easy bOsborneaNew Yorkc1995 a621.380413 aENGLISH